01586nam a2200301 a 450000100100000000500170001000800410002702000150006804000250008308200190010824501010012726000750022830000210030349000280032450504690035265000560082165000290087765000300090670000380093670000310097470000350100570000300104070000300107083000350110004900090113595201230114499900170126700002424720200930022838.0110125s1997 mx r 000 | spa d a9701800990 aDO-SdBNPbspacBNPHU aM868.44bM611p04aLos mexicanos pintados por sí mismos :bselección /cHilarión Frías y Soto ... [et al.]. aMéxico, D.F. :bConsejo Nacional para la Cultura y las Artes,c1997. a150 p. ;c21 cm.1 aClásicos para Hoyv180 tEl aguadorrHilarión Frías y SototEl evangelistarJuan de Dios AriastLa chinarJosé María RiveratEl ministrorJuan de Dios AriastLa coquetarIgnacio RamíreztEl cocherorHilarión Frías y SototEl serenorJosé María RiveratLa recamarera.rPantaleón TovartEl vendutero.rJosé María RiveratEl abogado.rIgnacio RamíreztLa estanquillerarIgnacio RamíreztEl maestro de escuela.rJosé María RiveratLa parterarJuan de Dios Arias 4aLiteratura mexicanaxColección de escritos949776 4aCuentos mexicanos911371 4aLiteratura mexicana919221 aFrías y Soto, Hilarión9497771 aDios Arias, Juan de9497781 aRivera , José María9497791 aRamírez, Ignacio9497801 aTovar, Pantaleón949781 0aClásicos para Hoyv18928953 aBNGR 001054708MOaGRbGRcCTd2011-01-25iLF1l0oM868.44 M611pp24247-10r2020-06-25w2020-06-25y4ZPréstamo en sala c23741d23741